000
00339nam a2200133Ia 4500
008
240624s9999 xx 000 0 und d
041
_a
eng
082
_a
657 EPS
100
_a
EPSTEIN MARC J
245
_a
ADVANCES IN MANAGEMENT ACCOUNTING
260
_c
2015
_a
United Kingdom
_b
Emerald
300
_a
xx, 287 p.; 23 cm.
365
_c
BPS
_b
38
999
_c
30461
_d
30461